<?xml version="1.0" encoding="UTF-8"?>
<record
    xmlns:xsi="http://www.w3.org/2001/XMLSchema-instance"
    xsi:schemaLocation="http://www.loc.gov/MARC21/slim http://www.loc.gov/standards/marcxml/schema/MARC21slim.xsd"
    xmlns="http://www.loc.gov/MARC21/slim">

  <leader>00683nam a22002057i 4500</leader>
  <controlfield tag="001">7847</controlfield>
  <controlfield tag="003">OSt</controlfield>
  <controlfield tag="005">20170126082404.0</controlfield>
  <controlfield tag="007">tu</controlfield>
  <controlfield tag="008">161220s        xxu||||| |||| 00| 0     d</controlfield>
  <datafield tag="024" ind1="7" ind2=" ">
    <subfield code="a">7847</subfield>
    <subfield code="2">RID</subfield>
  </datafield>
  <datafield tag="040" ind1=" " ind2=" ">
    <subfield code="c">OSt</subfield>
  </datafield>
  <datafield tag="245" ind1="0" ind2="0">
    <subfield code="a">CSO Bulletin</subfield>
  </datafield>
  <datafield tag="260" ind1=" " ind2=" ">
    <subfield code="a">Czech Republic.</subfield>
  </datafield>
  <datafield tag="490" ind1=" " ind2=" ">
    <subfield code="a">CSO Bulletin</subfield>
  </datafield>
  <datafield tag="651" ind1=" " ind2=" ">
    <subfield code="a">Czech Republic</subfield>
  </datafield>
  <datafield tag="110" ind1="2" ind2=" ">
    <subfield code="a">Czech Statistical Office</subfield>
  </datafield>
  <datafield tag="866" ind1=" " ind2="0">
    <subfield code="u">1990/12-2007/Q4 (unvollst&#xE4;ndig)</subfield>
  </datafield>
  <datafield tag="866" ind1=" " ind2="0">
    <subfield code="u">&lt;br&gt;&lt;br&gt;&lt;br&gt;vorhanden:&lt;br&gt;1990/12&lt;br&gt;1991/12&lt;br&gt;1992/12&lt;br&gt;1993/12&lt;br&gt;1994/12&lt;br&gt;1995/12&lt;br&gt;1996/Q4&lt;br&gt;1997/Q4&lt;br&gt;1998/Q4&lt;br&gt;2000/Q4&lt;br&gt;2001/Q4&lt;br&gt;2002/Q4&lt;br&gt;2003/Q4&lt;br&gt;2005/Q1, Q2, Q3, Q4&lt;br&gt;2006/Q1, Q2, Q3, Q4&lt;br&gt;2007/Q1, Q2, Q3, Q4</subfield>
  </datafield>
  <datafield tag="942" ind1=" " ind2=" ">
    <subfield code="c">ST</subfield>
  </datafield>
  <datafield tag="999" ind1=" " ind2=" ">
    <subfield code="c">6647</subfield>
    <subfield code="d">6647</subfield>
  </datafield>
  <datafield tag="952" ind1=" " ind2=" ">
    <subfield code="0">0</subfield>
    <subfield code="1">0</subfield>
    <subfield code="4">0</subfield>
    <subfield code="7">0</subfield>
    <subfield code="a">BIB</subfield>
    <subfield code="b">BIB</subfield>
    <subfield code="c">1</subfield>
    <subfield code="d">2008-08-18</subfield>
    <subfield code="i">7847</subfield>
    <subfield code="l">0</subfield>
    <subfield code="p">10003776</subfield>
    <subfield code="r">2017-01-26 00:00:00</subfield>
    <subfield code="w">2017-01-26</subfield>
    <subfield code="y">ST</subfield>
  </datafield>
</record>
